Lectures romaines (Record no. 90845)

MARC details
000 -LEADER
campo de control de longitud fija 00550nam a2200169 i 4500
001 - NÚMERO DE CONTROL
campo de control 90845
003 - IDENTIFICADOR DE NÚMERO DE CONTROL
campo de control ES-MaACL
005 - FECHA Y HORA DE LA ÚLTIMA TRANSACCIÓN
campo de control 20230906180556.0
007 - CAMPO FIJO DE DESCRIPCIÓN FÍSICA--INFORMACIÓN GENERAL
campo de control de longitud fija t|
008 - DATOS DE LONGITUD FIJA--INFORMACIÓN GENERAL
campo de control de longitud fija 050125s1924 gw ||||1| fre d
245 00 - MENCIÓN DEL TÍTULO
Título Lectures romaines
Resto del título : morceaux choisis de prose et poésie roumaine avec des notes en français /
Mención de responsabilidad, etc. par Charles Tagliavini.
260 ## - PUBLICACIÓN, DISTRIBUCIÓN, ETC.
Lugar de publicación, distribución, etc. Heidelberg :
Nombre del editor, distribuidor, etc. [s.n.],
Fecha de publicación, distribución, etc. 1924 (
Fabricante Jules Groos)
300 ## - DESCRIPCIÓN FÍSICA
Extensión X, 302 p. ;
Dimensiones 20 cm.
500 ## - NOTA GENERAL
Nota general Methode Gaspen-Otto-Sauer.
700 1# - ENTRADA AGREGADA--NOMBRE PERSONAL
Nombre de persona Tagliavini, Carlo.
9 (RLIN) 109070
852 ## - LOCALIZACIÓN
Ubicación ES-MaACL
Número de control de estantería B-12270
Holdings
Estatus retirado Estado de pérdida Estado de daño No para préstamo Biblioteca de origen Biblioteca actual Ubicación en estantería Fecha de adquisición Fuente de adquisición Total de préstamos Signatura topográfica completa Código de barras Visto por última vez Precio de reemplazo Tipo de ítem Koha
        Biblioteca del Ateneo de Madrid Biblioteca del Ateneo de Madrid Sala Pardo Bazán 17/01/2008     B-12270 1094851 23/02/2023 23/02/2023 Libro impreso